000 00926nam a22002057a 4500
999 _c58928
_d58928
003 Ge_BSU
005 20221019165742.0
008 221019s2021 ge ||||| |||| 00| 0 geo d
020 _a9789941964985
041 _ageo
080 _a613.98+ 616.89 ბ-82
100 _aბოკუჩავა, მანანა
_911891
245 _aგერონტოლოგიის და გერონტოფსიქიატრიის საკითხები :
_b[სახელმძღვანელო] /
_cმანანა ბოკუჩავა.
264 _aთბილისი :
_bპოლიგრაფიული ცენტრი "ბარტონი",
_c2021.
300 _a240 გვ. ;
_b20 სმ.
504 _a ბიბლიოგრაფია: გვ. 231-240.
653 _aგერონტოლოგია.
653 _aფსიქიატრია.
942 _2udc
_cBK